Pokémon - Les attaques de Mystherbe - Statistiques

Statistiques générales
  • Ce quiz a été pris 15 fois
  • Le résultat moyen est 10 sur 14
Statistiques - réponses
Niveaux Types Noms des attaques % Correct
Niveau 20 Plante Giga-Sangsue
100%
Niveau 12 Plante Méga-Sangsue
100%
Départ Plante Vol-Vie
100%
Niveau 4 Poison Acide
80%
Niveau 16 Plante Para-Spore
80%
Niveau 8 Normal Doux Parfum
70%
Niveau 18 Plante Poudre Dodo
70%
Niveau 14 Poison Poudre Toxik
70%
Niveau 24 Poison Toxik
70%
Niveau 36 Fée Rayon Lune
60%
Niveau 28 Fée Pouvoir Lunaire
50%
Départ Normal Croissance
40%
Niveau 40 Plante Danse Fleurs
40%
Niveau 32 Plante Champ Herbu
20%
Aucun quiz correspondant
Distribution des résultats
% des personnes avec chaque résultat
Percentile par nombre de réponses
Votre historique - résultats
Vous n’avez pas pris ce quiz